Research in school and college personnel services : summaries of unpublished studies september 1956-september 1958.

Guardado en:
Detalles Bibliográficos
Autor principal: Macminn, Paul (autor)
Otros autores: Miller, Carol H. (autor) (autor), Wellman, Frank E. (autor) (autor)
Formato: Libro
Idioma:Inglés
Temas:
Etiquetas: Agrega una etiqueta
Sin etiquetas, Sé el primero en etiquetar este registro!

MARC

LEADER 00000cam^a2200000uu^4500
001 000478704
005 20250521000000.0
008 050901s1958^^^^^^^^^^^^rd^r^^000^0^eng^d
009 20260310124919.753
035 |a FCE 000021704 
035 |a FCE 034682 
037 |a Acervo ITESO - Biblioteca 
041 |a eng 
082 0 4 |a 371.1  |b MACr 
100 |a Macminn, Paul  |e (autor) 
245 1 0 |a Research in school and college personnel services :  |b summaries of unpublished studies september 1956-september 1958. 
264 |a Estados Unidos :  |b USDHEW,  |c 1958. 
300 |a 136 p. 
336 |a texto  |b txt  |2 rdacontenido 
337 |a sin mediación  |b n  |2 rdamedio 
338 |a volumen  |b nc  |2 rdasoporte 
649 |a XX 
650 |a Bibliografía 
650 |a Personal de educación 
650 |a Estudios 
650 |a Servicios escolares 
650 |a Investigación educacional 
650 |a Estados Unidos 
700 |a Miller, Carol H.  |e (autor) 
700 |a Wellman, Frank E.  |e (autor) 
910 |a Fondo Centro de Estudios Educativos 
920 |a Impresos - Libros 
930 |a Fondos Especiales 
905 |a 133 
901 |a ALE034682  |b IT2  |c CEE  |u 20250521 
902 |a https://opac.biblio.iteso.mx/vufind/Record/000478704